| 000 | 01051naa a22002897a 4500 | ||
|---|---|---|---|
| 001 | BR9511745 | ||
| 003 | BR-BrBNA | ||
| 005 | 20240918181806.0 | ||
| 007 | ta | ||
| 008 | 230509b bl.||||| |||| 00| 0 por d | ||
| 040 |
_aBR-BrBNA _bpor _cBiblioteca Nacional de Agricultura |
||
| 041 | _a(Pt) | ||
| 072 | _aK10; P36 | ||
| 090 | _aK10 BR9511745 | ||
| 100 | 1 | _aMedeiros, G.B. de | |
| 111 | 1 |
_a1. Seminario sobre Cultivo Minimo do Solo em Florestas _cCuritiba, PR (Brazil) _d6-9 Jun 1995 |
|
| 245 | 1 | _aEvolucao e estado da arte do cultivo minimo na agricultura | |
| 260 | 3 |
_aColombo, PR (Brasil): _c1995. |
|
| 500 | _a1. Seminario sobre Cultivo Minimo do Solo em Florestas. Anais Colombo, PR (Brasil): 1995. p. 8-15 (BR9511745-AM)K10 | ||
| 650 | _aFloresta | ||
| 650 | _aPlantio Direto | ||
| 650 | _aErosao do Solo | ||
| 650 | _aCultivo Minimo | ||
| 773 | 0 |
_t1. Seminario sobre Cultivo Minimo do Solo em Florestas. Anais _wK10 BR9511745 _gColombo, PR (Brasil), 1995. p. 8-15 |
|
| 909 |
_a202404 _bLucia _c55 _dLucia Elande |
||
| 942 |
_cAM _2AGRIS |
||
| 999 |
_c326855 _d326855 |
||